000 00449 a2200181 4500
005 20260313121403.0
008 260312b |||||||| |||| 00| 0 eng d
020 _a9789389996005
_cRs. 2495.00
040 _aMAIN
082 _a174
_bS57H
100 _aSohawane, Hrishikesh
245 _aHuman values and ethics
260 _bJaya Publishing House
_c2024
_aDelhi
300 _a225
650 _aEthics
650 _aHuman Values
942 _cBK
999 _c394210
_d394210